Statistics for Tyra Banks Filmography

Click here to take the quiz!

General Stats

  • This quiz has been taken 6 times
    (2 since last reset)
  • The average score is 4 of 76

Answer Stats

TypeYearName% Correct
Film2009Hannah Montana: The Movie
100%
TV Show2012, 2013Shake It Up
100%
TV Show2003-2015, 2017-2018America's Next Top Model
50%
TV Show2009Gossip Girl
50%
Film2002Halloween: Resurrection
50%
TV Show2005-2011The Tyra Banks Show
50%
Award Show19951st Annual Soul Train Lady of Soul Awards
0%
TV Show2004All of Us
0%
TV Show1996All That
0%
TV Show2004American Dreams
0%
TV Show2011, 2017-2018America's Got Talent
0%
TV Show2013Asia's Next Top Model
0%
TV Show2015Australia's Next Top Model
0%
Film1997A Woman Like That
0%
Web SeriesTBABeauty
0%
TV Show2016Black-ish
0%
Music Video1991Black or White
0%
Music Video2015BOOTYful
0%
TV Show2018Carpool Karaoke
0%
TV Show2020Celebrity Watch Party
0%
Music Video2016Child's Play
0%
Commercial1995-1999CoverGirl
0%
Film2000Coyote Ugly
0%
TV Show2020-PresentDancing with the Stars
0%
TV Show2008Deal or No Deal
0%
FilmTBADon't Tell Mom the Babysitter's Dead
0%
Music Video1996Don't Wanna Lose You
0%
Film2002Eight Crazy Nights
0%
Short Film1994Extra Terrorestrial Alien Encounter
0%
TV Show2015-2016FabLife
0%
TV Show2000Felicity
0%
TV Show2006Germany's Next Topmodel
0%
Commercial2018Girl Scouts of the USA
0%
TV Show2013Glee
0%
TV Show1999Happily Ever After: Fairy Tales for Every Child
0%
Film1995Higher Learning
0%
TV Show2022I Love That for You
0%
TV Show2021Insecure
0%
TV Show1999Just Shoot Me!
0%
TV Show2006Kathy Griffin: My Life on the D-List
0%
TV Show2014Korea's Next Top Model
0%
TV Show2010Laços de Sangue
0%
Film2004Larceny
0%
TV Film2000Life-Size
0%
TV Film2018Life-Size 2
0%
Film2000Love & Basketball
0%
Film1999Love Stinks
0%
Music Video1991Love Thing
0%
TV Show2000, 2004MADtv
0%
TV Show2011Mexico's Next Top Model
0%
Film2007Mr. Woodcock
0%
TV Show1997New York Undercover
0%
Commercial1996-1997Nike
0%
TV Show2013Norway's Net Top Model
0%
TV Show2004Punk'd
0%
Music Video2004Shake Ya Body
0%
TV Show2001Soul Food
0%
TV Show1993, 1994Soul Train
0%
TV Show1998Space Ghost Coast to Coast
0%
Music Video2003Stand Up
0%
Award Show1998The 13th Annual Soul Train Music Awards
0%
Award Show2004The 2nd Annual Vibe Awards
0%
Award Show2015The 42nd Annual Daytime Emmy Awards
0%
TV Film1999The Apartment Complex
0%
TV Show1993The Fresh Prince of Bel-Air
0%
TV Show1999The Hughleys
0%
TV Show2017The New Celebrity Apprentice
0%
TV Show2006The Price Is Right
0%
TV Show2010The Soup
0%
Music Video1992Too Funky
0%
TV Show2012Top Model Po-Russki
0%
Music Video1995Trife Life
0%
Film2008Tropic Thunder
0%
Commercial1996-2003Victoria's Secret
0%
TV Show2012Vietnam's Next Top Model
0%
TV Show2000Who Wants to Be a Millionaire
0%

Score Distribution

Percentile by Number Answered

Percent of People with Each Score

Your Score History

You have not taken this quiz since the last reset